ZWIERZĘTA na literę P - Statystyki

Ogólne statystyki
  • Ten quiz został rozwiązany 206 razy
  • Średni wynik to 13 z 19
Statystyki odpowiedzi
Obrazkowy Odpowiedź % Poprawnych
Panda wielka
100%
Pies domowy
100%
Pingwin cesarski
94%
Papużka falista
89%
Puma płowa
89%
Paw indyjski
86%
Pelikan australijski
84%
Pantera mglista
83%
Pancernik długoogonowy
79%
Puchacz zwyczajny
75%
Pawian oliwkowy
74%
Pyton siatkowy
70%
Perkoz dwuczuby
44%
Przepiórka japońska
41%
Piżmowół arktyczny
38%
Piżmak amerykański
37%
Pustułka zwyczajna
35%
Płomykówka zwyczajna
34%
Pekari białobrody
27%
Nie znaleziono quizów pasujących do podanych kryteriów
Rozkład punktacji
Procent ludzi z każdym wynikiem
Percentyl według liczby udzielonych odpowiedzi
Twoja historia wyników
Nie rozwiązałeś tego quizu